000 00326 a2200109 4500
020 _a9694072575
082 _a954.91 SHA
100 _aSharrif, K, M.
245 _aPakistan Almanac 2002-2003 Essential Data on Pakistan
_cEdited by K. M. Shriff
260 _aPakistan :
_bRoyal Book Company,
_c2003
300 _ax, 568p. :
_bill. ;
_c28 cm
650 _aPakistan
999 _c1873
_d1873